000 00834nam a22002297a 4500
999 _c50724
_d50724
005 20210216155210.0
010 _aB-422618 B-736894
020 _a9780007428052
_c499.00
035 _aB-422618
035 _aB-736894
037 _bUBH
082 _a615
100 _aMukherjee, Siddhartha
245 _aThe emperor of all maladies:
_ba biography of cancer /
_cby Siddhartha Mukherjee
260 _aLondon
_bHarper Collins Publishers
_c2011
270 _a77-85, Fulham palace Road
_bLondon
300 _axiv, 571p.
_bill.
_c21cm(Pbk)
500 _aIncludes bibliography and index
942 _2ddc
_cEN
_h615
_mMUK